English Vocabulary in Use Upper Intermediate (Record no. 1706)

MARC details
000 -LEADER
fixed length control field 00346nam a2200133Ia 4500
008 - FIXED-LENGTH DATA ELEMENTS--GENERAL INFORMATION
fixed length control field 191201s2005 xx 000 0 und d
100 ## - MAIN ENTRY--PERSONAL NAME
Personal name MCCARTHY, Michael
245 #0 - TITLE STATEMENT
Title English Vocabulary in Use Upper Intermediate
250 ## - EDITION STATEMENT
Edition statement 1st
260 ## - PUBLICATION, DISTRIBUTION, ETC. (IMPRINT)
Place of publication, distribution, etc N.Delhi
Name of publisher, distributor, etc Cambridge Universty Press
Date of publication, distribution, etc 2005
300 ## - PHYSICAL DESCRIPTION
Extent 296
650 ## - SUBJECT ADDED ENTRY--TOPICAL TERM
Topical term or geographic name as entry element Applied
942 ## - ADDED ENTRY ELEMENTS (KOHA)
Source of classification or shelving scheme Dewey Decimal Classification
Koha item type Text Books
Holdings
Withdrawn status Lost status Source of classification or shelving scheme Damaged status Not for loan Collection code Home library Current library Date acquired Source of acquisition Cost, normal purchase price Bill Number Total Checkouts Full call number Acc. no. / Barcode Date last seen Bill Date Koha item type Checked out Date last borrowed
    Dewey Decimal Classification     Applied Sc. PIET C-LIBRARY PIET C-LIBRARY 20/08/2006 M/s UBS, Delhi 300.00 125382   428.24 MCE 3069 04/12/2019 23/08/2005 Text Books    
    Dewey Decimal Classification     Applied Sc. PIET C-LIBRARY PIET C-LIBRARY 20/08/2006 M/s UBS, Delhi 300.00 125382   428.24 MCE 3070 04/12/2019 23/08/2005 Text Books    
    Dewey Decimal Classification     Applied Sc. PIET C-LIBRARY PIET C-LIBRARY 20/08/2006 M/s UBS, Delhi 300.00 125382   428.24 MCE 3071 04/12/2019 23/08/2005 Text Books    
    Dewey Decimal Classification     Applied Sc. PIET C-LIBRARY PIET C-LIBRARY 20/08/2006 M/s UBS, Delhi 300.00 125382 1 428.24 MCE 3072 24/11/2023 23/08/2005 Text Books 22/05/2024 24/11/2023

Design & Developed by: PIET Central Library
R70 Miles Stone Pattikalyana Samalkha Panipat 132102
mail ID :- [email protected], Phone No:- 0180-2569700 Ex.216